[Event "Villa Martelli zt (Women)"]
[Site "Villa Martelli "]
[Date "1999.??.??"]
[Round "1"]
[White "Meneses Colona, Clara"]
[Black "Hernandez Penna, Sabina"]
[Result "0-1"]
[WhiteElo "2028"]
[BlackElo "2115"]
[EventDate "1999.??.??"]
[PlyCount "72"]

1.e4 d5 2.exd5 Qxd5 3.Nc3 Qa5 4.d4 Nf6 5.Bc4 c6 6.Ne2 Bf5 7.Ng3 Bg6 8.O-O 
e6 9.Bf4 Be7 10.Re1 O-O 11.Qf3 Nbd7 12.Bb3 Rfe8 13.Nce4 Qb6 14.Nd6 Bxd6 
15.Bxd6 Qxd4 16.Ba3 Rad8 17.Rad1 Qb6 18.Bd6 Nc5 19.Bc4 Bxc2 20.Bxc5 Qxc5 
21.Rxd8 Rxd8 22.Qc3 Bg6 23.Rxe6 Nd5 24.Re5 Nxc3 25.Rxc5 Na4 26.Re5 Nxb2 
27.Bb3 Kf8 28.Nf5 Nd3 29.Re7 Nc5 30.g4 Nxb3 31.Rxb7 Bxf5 32.gxf5 Nd4 33.f6
gxf6 34.Rxa7 c5 35.Rc7 Ne6 36.Rc6 Ra8 0-1

[Event "Villa Martelli zt (Women)"]
[Site "Villa Martelli "]
[Date "1999.??.??"]
[Round "1"]
[White "Nunez Lopez, Patricia"]
[Black "Fernandez Novas, Liliana"]
[Result "0-1"]
[WhiteElo "2068"]
[BlackElo "2073"]
[EventDate "1999.??.??"]
[PlyCount "108"]

1.e4 c5 2.Nf3 e6 3.d4 cxd4 4.Nxd4 Nf6 5.Nc3 Bb4 6.Bd3 Nc6 7.Be3 d5 8.f3 
dxe4 9.Nxc6 bxc6 10.fxe4 Nxe4 11.O-O Bc5 12.Bxc5 Nxc5 13.Qf3 O-O 14.Qxc6 
Qd4+ 15.Kh1 Bb7 16.Qc7 Rac8 17.Qg3 Nxd3 18.cxd3 Rcd8 19.Rad1 Qb4 20.Rf2 
Rd7 21.Rfd2 Rd4 22.h3 Rfd8 23.Ne2 R4d7 24.Nf4 Qd6 25.Nh5 Qxg3 26.Nxg3 e5 
27.Ne2 Ba6 28.Nc1 f6 29.Kg1 Rd4 30.Kf2 f5 31.Ke3 f4+ 32.Kf2 e4 33.Ke1 e3 
34.Rc2 Bxd3 35.Nxd3 Rxd3 36.Rxd3 Rxd3 37.Rc8+ Kf7 38.Rc7+ Kf6 39.Rxa7 Rd2 
40.Ra6+ Kg5 41.Rb6 Rxg2 42.Rb3 Kh4 43.a4 Kg3 44.a5 Kf3 45.Kd1 Kf2 46.a6 
e2+ 47.Kc2 e1=Q 48.a7 Kf1+ 49.Kd3 Qe3+ 50.Kc4 Rc2+ 51.Kd5 Rc5+ 52.Kd6 Qe5+
53.Kd7 Rc7+ 54.Kd8 Qe7# 0-1

[Event "Villa Martelli zt (Women)"]
[Site "Villa Martelli "]
[Date "1999.??.??"]
[Round "2"]
[White "Arbunic Castro, Giovanna B"]
[Black "Meneses Colona, Clara"]
[Result "1-0"]
[WhiteElo "2110"]
[BlackElo "2028"]
[EventDate "1999.??.??"]
[PlyCount "55"]

1.e4 e6 2.d4 d5 3.Nd2 c5 4.exd5 exd5 5.Ngf3 Nc6 6.Bb5 Bd6 7.O-O Ne7 8.dxc5
Bxc5 9.Nb3 Bd6 10.Re1 O-O 11.Bg5 Bg4 12.Bh4 Qc7 13.Bg3 a6 14.Be2 Rad8 15.
Nbd4 Rfe8 16.Qd2 Rc8 17.c3 Rcd8 18.Qg5 Qc8 19.Bxd6 Rxd6 20.Bd3 Nxd4 21.
Nxd4 Rf6 22.Re3 Bd7 23.Rae1 Ng6 24.Rxe8+ Bxe8 25.Bxg6 Rxg6 26.Qxd5 h6 27.
Nf5 Bc6 28.Ne7+ 1-0

[Event "Villa Martelli zt (Women)"]
[Site "Villa Martelli "]
[Date "1999.??.??"]
[Round "2"]
[White "Zuriel, Marisa"]
[Black "Nunez Lopez, Patricia"]
[Result "1-0"]
[WhiteElo "2070"]
[BlackElo "2068"]
[EventDate "1999.??.??"]
[PlyCount "77"]

1.e4 c5 2.Nf3 d6 3.d4 cxd4 4.Nxd4 Nc6 5.Nc3 Nf6 6.Bg5 Qb6 7.Nb3 a6 8.Qd2 
h6 9.Be3 Qd8 10.f3 e6 11.O-O-O Be7 12.Kb1 O-O 13.h4 b5 14.g4 Nh7 15.g5 h5 
16.Qf2 Bd7 17.f4 Qc8 18.Rg1 g6 19.Bh3 Re8 20.Rgf1 Bf8 21.Ne2 a5 22.Nbd4 
Ne7 23.Ng3 Ra6 24.f5 exf5 25.exf5 Nxf5 26.Ndxf5 Bxf5 27.Nxf5 gxf5 28.Bxf5 
Qc7 29.Qf3 Bg7 30.Bd4 Bxd4 31.Bxh7+ Kxh7 32.Qxh5+ Kg8 33.Rxd4 Ra7 34.g6 
fxg6 35.Qxg6+ Qg7 36.Qxe8+ Kh7 37.Qh5+ Qh6 38.Qxh6+ Kxh6 39.Rxd6+ 1-0

[Event "Villa Martelli zt (Women)"]
[Site "Villa Martelli "]
[Date "1999.??.??"]
[Round "3"]
[White "Amura, Claudia Noemi"]
[Black "Fernandez Novas, Liliana"]
[Result "1-0"]
[WhiteElo "2355"]
[BlackElo "2073"]
[EventDate "1999.??.??"]
[PlyCount "63"]

1.d4 f5 2.Nc3 Nf6 3.Bg5 e6 4.e4 fxe4 5.Nxe4 Be7 6.Ng3 Nc6 7.Nf3 b6 8.c3 
Bb7 9.Bd3 Nd5 10.h4 Bf6 11.Qc2 Qe7 12.Bxh7 O-O-O 13.Be4 Bxg5 14.Nxg5 Nf4 
15.Qd2 Rdf8 16.O-O-O d5 17.Bf3 Qd6 18.Bg4 Kb8 19.f3 Ba6 20.Kb1 Nd8 21.Nf1 
e5 22.dxe5 Qxe5 23.g3 Nd3 24.f4 Qf6 25.Ne3 c6 26.Be2 Nc5 27.Bxa6 Nxa6 28.
c4 dxc4 29.Nxc4 Nb7 30.Ne5 Nac5 31.Qc2 Rd8 32.b4 1-0

[Event "Villa Martelli zt (Women)"]
[Site "Villa Martelli "]
[Date "1999.??.??"]
[Round "3"]
[White "Nunez Lopez, Patricia"]
[Black "Maggiolo, Elisa"]
[Result "0-1"]
[WhiteElo "2068"]
[BlackElo "2109"]
[EventDate "1999.??.??"]
[PlyCount "80"]

1.g3 g6 2.Bg2 Bg7 3.e4 d6 4.Ne2 Nf6 5.Nbc3 c5 6.O-O Nc6 7.d3 O-O 8.Kh1 Rb8
9.f4 Bd7 10.Rb1 b5 11.Qe1 Qa5 12.a3 b4 13.axb4 cxb4 14.Nd5 Rfc8 15.Bd2 Qb5
16.b3 Bg4 17.Nxf6+ Bxf6 18.Bf3 Bh3 19.Bg2 Bxg2+ 20.Kxg2 Nd4 21.Nxd4 Bxd4 
22.Qd1 Qc5 23.Rc1 Bb2 24.Rb1 Qxc2 25.Qxc2 Rxc2 26.Rf2 Bd4 27.Be3 Rxf2+ 28.
Bxf2 Bxf2 29.Kxf2 Rc8 30.h4 Rc3 31.Ke3 Kg7 32.Ra1 Rxb3 33.Rxa7 Kf6 34.Ra6 
Ke6 35.Rb6 Rb2 36.Rb5 h5 37.Rb6 Rb1 38.Kf2 b3 39.Ke2 b2 40.Kf2 Rh1 0-1

[Event "Villa Martelli zt (Women)"]
[Site "Villa Martelli "]
[Date "1999.??.??"]
[Round "4"]
[White "Hernandez Penna, Sabina"]
[Black "Nunez Lopez, Patricia"]
[Result "1/2-1/2"]
[WhiteElo "2115"]
[BlackElo "2068"]
[EventDate "1999.??.??"]
[PlyCount "101"]

1.e4 c5 2.Nf3 d6 3.d4 cxd4 4.Nxd4 a6 5.Nc3 Nf6 6.Be3 g6 7.f3 Bg7 8.Qd2 O-O
9.O-O-O Nc6 10.Kb1 Bd7 11.g4 Rc8 12.h4 b5 13.h5 Ne5 14.Bh6 e6 15.Bd3 Qb6 
16.Bxg7 Kxg7 17.Qe3 Kg8 18.Nce2 a5 19.Qg5 Qd8 20.Ng3 Ne8 21.Qe3 Nf6 22.Qh6
Qe7 23.Rdg1 Kh8 24.Qe3 b4 25.Rg2 Rg8 26.hxg6 fxg6 27.Rgh2 Rg7 28.g5 Ne8 
29.Be2 Nf7 30.f4 e5 31.fxe5 dxe5 32.Nf3 Qc5 33.Qd2 Be6 34.Bd3 Ned6 35.Rh4 
Nc4 36.Qh2 Kg8 37.Rxh7 Na3+ 38.bxa3 bxa3 39.Rxg7+ Kxg7 40.Kc1 Bxa2 41.Kd1 
Bb1 42.Nd2 Bxc2+ 43.Bxc2 Qxc2+ 44.Ke2 Qb2 45.Qh7+ Kf8 46.Rf1 Qb5+ 47.Kd1 
Qa4+ 48.Ke2 Qb5+ 49.Kd1 Qa4+ 50.Ke2 Qb5+ 51.Kd1 1/2-1/2

[Event "Villa Martelli zt (Women)"]
[Site "Villa Martelli "]
[Date "1999.??.??"]
[Round "4"]
[White "Zuriel, Marisa"]
[Black "Amura, Claudia Noemi"]
[Result "0-1"]
[WhiteElo "2070"]
[BlackElo "2355"]
[EventDate "1999.??.??"]
[PlyCount "40"]

1.e4 c5 2.Nf3 Nc6 3.d4 cxd4 4.Nxd4 Nf6 5.Nc3 e5 6.Ndb5 d6 7.Nd5 Nxd5 8.
exd5 Ne7 9.c3 Nf5 10.Be2 Be7 11.O-O O-O 12.a4 Nh4 13.Be3 a6 14.Na3 f5 15.
Nc4 f4 16.Bb6 Qe8 17.Bh5 g6 18.Bg4 f3 19.gxf3 h5 20.Bxc8 Qxc8 0-1

[Event "Villa Martelli zt (Women)"]
[Site "Villa Martelli "]
[Date "1999.??.??"]
[Round "5"]
[White "Amura, Claudia Noemi"]
[Black "Maggiolo, Elisa"]
[Result "1-0"]
[WhiteElo "2355"]
[BlackElo "2109"]
[EventDate "1999.??.??"]
[PlyCount "41"]

1.d4 Nf6 2.c4 g6 3.Nc3 Bg7 4.Nf3 O-O 5.Bg5 d6 6.e3 Nbd7 7.Be2 e5 8.O-O b6 
9.Qc2 Bb7 10.Rfd1 h6 11.Bh4 g5 12.dxe5 dxe5 13.Nxe5 gxh4 14.Nxd7 Nxd7 15.
Qf5 Bc6 16.Bf3 Bxf3 17.Rxd7 Qg5 18.Qxf3 Bxc3 19.bxc3 Rac8 20.Rad1 a5 21.
R1d4 1-0

[Event "Villa Martelli zt (Women)"]
[Site "Villa Martelli "]
[Date "1999.??.??"]
[Round "5"]
[White "Fernandez Novas, Liliana"]
[Black "Zuriel, Marisa"]
[Result "0-1"]
[WhiteElo "2073"]
[BlackElo "2070"]
[EventDate "1999.??.??"]
[PlyCount "118"]

1.d4 Nf6 2.Nf3 g6 3.Bg5 Bg7 4.Nbd2 d5 5.e3 O-O 6.Bd3 c5 7.c3 Qb6 8.Qb3 c4 
9.Qxb6 axb6 10.Bc2 Bf5 11.Bxf5 gxf5 12.Bxf6 Bxf6 13.O-O Nc6 14.Ne1 b5 15.
Nc2 Bg7 16.h3 h5 17.Rfe1 Kh7 18.Kh1 Rg8 19.Nf1 h4 20.Nh2 Bf6 21.Nf3 e6 22.
Ng1 Be7 23.f3 b4 24.e4 fxe4 25.fxe4 bxc3 26.bxc3 Ra5 27.exd5 exd5 28.Ne3 
Rga8 29.Rab1 R8a7 30.Nf3 Bd6 31.Re2 Bf4 32.Ng4 Bg3 33.Rbb2 Kg7 34.Ne3 Ne7 
35.Ng1 Kf8 36.Nf1 Nf5 37.Nf3 Ra3 38.Rec2 Bf4 39.Nxh4 Nxh4 40.g3 Nf3 41.
gxf4 Ne1 42.Re2 Nd3 43.Rbc2 Nxf4 44.Rh2 b5 45.Rhf2 Nd3 46.Rf5 b4 47.Rxd5 
b3 48.axb3 cxb3 49.Rd2 b2 50.Rb5 Rxc3 51.Rbxb2 Nxb2 52.Rxb2 Rxh3+ 53.Kg2 
Rd3 54.Nd2 Rxd4 55.Nf3 Rd3 56.Rf2 Rda3 57.Nd4 Ra2 58.Ne2 R7a3 59.Kh2 Re3 
0-1

[Event "Villa Martelli zt (Women)"]
[Site "Villa Martelli "]
[Date "1999.??.??"]
[Round "5"]
[White "Nunez Lopez, Patricia"]
[Black "Arbunic Castro, Giovanna B"]
[Result "0-1"]
[WhiteElo "2068"]
[BlackElo "2110"]
[EventDate "1999.??.??"]
[PlyCount "88"]

1.g3 g6 2.Bg2 Bg7 3.Nf3 Nf6 4.O-O O-O 5.Nc3 d6 6.d4 Nbd7 7.e4 e5 8.dxe5 
dxe5 9.h3 c6 10.Be3 Qc7 11.Qe2 b6 12.Qc4 a5 13.Rfd1 Ba6 14.Qb3 Nc5 15.Bxc5
bxc5 16.Nd2 Rfc8 17.Qa3 c4 18.b3 Bf8 19.Qc1 cxb3 20.cxb3 Rd8 21.Nc4 Bc5 
22.Rb1 Bd4 23.Ne2 c5 24.Qc2 Rd7 25.Nc1 Rad8 26.Nd3 Bb7 27.Re1 Ba6 28.Rbd1 
Kg7 29.Bf3 h5 30.Bg2 h4 31.g4 Nh7 32.Kh1 Ng5 33.f3 Ne6 34.Bf1 Kh8 35.Be2 
Ng5 36.Kg2 f5 37.exf5 gxf5 38.Qd2 e4 39.Nf4 exf3+ 40.Bxf3 Nxf3 41.Kxf3 
Qb7+ 42.Ke2 Bxc4+ 43.bxc4 Re7+ 44.Kd3 Be3+ 0-1

[Event "Villa Martelli zt (Women)"]
[Site "Villa Martelli "]
[Date "1999.??.??"]
[Round "6"]
[White "Hernandez Penna, Sabina"]
[Black "Amura, Claudia Noemi"]
[Result "1/2-1/2"]
[WhiteElo "2115"]
[BlackElo "2355"]
[EventDate "1999.??.??"]
[PlyCount "30"]

1.e4 c5 2.c3 d5 3.exd5 Qxd5 4.d4 Nf6 5.Nf3 g6 6.Na3 Bg7 7.Bc4 Qe4+ 8.Be3 
O-O 9.O-O cxd4 10.Bxd4 Nc6 11.Re1 Qf4 12.Be3 Qc7 13.Nb5 Qd8 14.Qe2 Bg4 15.
Bc5 Qc8 1/2-1/2

[Event "Villa Martelli zt (Women)"]
[Site "Villa Martelli "]
[Date "1999.??.??"]
[Round "6"]
[White "Maggiolo, Elisa"]
[Black "Fernandez Novas, Liliana"]
[Result "1-0"]
[WhiteElo "2109"]
[BlackElo "2073"]
[EventDate "1999.??.??"]
[PlyCount "59"]

1.e4 c5 2.c3 d5 3.exd5 Qxd5 4.d4 Nf6 5.Nf3 e6 6.Be2 Nc6 7.O-O cxd4 8.cxd4 
Be7 9.Nc3 Qd6 10.a3 b6 11.Be3 Bb7 12.Rc1 O-O 13.Qd2 Rac8 14.Rfd1 Na5 15.
Nb5 Qd7 16.Rxc8 Bxc8 17.Ne5 Qb7 18.Bf3 Nd5 19.Nc3 a6 20.b4 Nc6 21.Nxd5 
exd5 22.Bxd5 Bd7 23.Rc1 Rc8 24.Nxf7 Kf8 25.Ne5 Be8 26.Bh6 Bf6 27.Qf4 Qe7 
28.h3 Nxd4 29.Re1 Qc7 30.Qxf6+ 1-0

[Event "Villa Martelli zt (Women)"]
[Site "Villa Martelli "]
[Date "1999.??.??"]
[Round "6"]
[White "Meneses Colona, Clara"]
[Black "Nunez Lopez, Patricia"]
[Result "1-0"]
[WhiteElo "2028"]
[BlackElo "2068"]
[EventDate "1999.??.??"]
[PlyCount "55"]

1.e4 c5 2.Nf3 d6 3.d4 cxd4 4.Nxd4 Nf6 5.Nc3 a6 6.Bc4 g6 7.Be3 Bg7 8.f3 O-O
9.Bb3 Bd7 10.Qd2 Nc6 11.O-O-O Rc8 12.g4 Ne5 13.h4 Nc4 14.Bxc4 Rxc4 15.h5 
b5 16.hxg6 fxg6 17.Bh6 Nxe4 18.Nxe4 Rxd4 19.Qe3 Rxd1+ 20.Kxd1 Bc6 21.Bxg7 
Kxg7 22.Qh6+ Kf7 23.Ng5+ Kf6 24.Nxh7+ Kf7 25.Qf4+ Kg7 26.Nxf8 Qxf8 27.Rh7+
Kg8 28.Rh8+ 1-0

[Event "Villa Martelli zt (Women)"]
[Site "Villa Martelli "]
[Date "1999.??.??"]
[Round "7"]
[White "Fernandez Novas, Liliana"]
[Black "Hernandez Penna, Sabina"]
[Result "1-0"]
[WhiteElo "2073"]
[BlackElo "2115"]
[EventDate "1999.??.??"]
[PlyCount "85"]

1.d4 Nf6 2.Nf3 g6 3.Bg5 Bg7 4.Nbd2 d5 5.e3 Nbd7 6.Bd3 c6 7.O-O O-O 8.c3 
Re8 9.e4 h6 10.Bh4 Nxe4 11.Nxe4 dxe4 12.Bxe4 Qb6 13.Qc2 f5 14.Bd3 g5 15.
Bg3 f4 16.Bc4+ e6 17.Qg6 Nf6 18.Ne5 Rf8 19.Bd3 Qd8 20.h4 Bd7 21.Ng4 Be8 
22.Nxh6+ Kh8 23.Qxg5 Nd5 24.Bh2 Rf6 25.Ng4 Rf8 26.Rfe1 Qxg5 27.hxg5 Bh5 
28.Ne5 Rad8 29.Ng6+ Bxg6 30.Bxg6 Ne7 31.Rxe6 Nxg6 32.Rxg6 Rfe8 33.Bxf4 Re2
34.Rb1 Kh7 35.Rd6 Rxd6 36.Bxd6 Kg6 37.Bf4 Kf5 38.Be3 b5 39.Kf1 Rc2 40.Ke1 
Ke4 41.Bd2 a5 42.Ke2 a4 43.f3+ 1-0

[Event "Villa Martelli zt (Women)"]
[Site "Villa Martelli "]
[Date "1999.??.??"]
[Round "8"]
[White "Arbunic Castro, Giovanna B"]
[Black "Fernandez Novas, Liliana"]
[Result "0-1"]
[WhiteElo "2110"]
[BlackElo "2073"]
[EventDate "1999.??.??"]
[PlyCount "40"]

1.e4 c5 2.Nc3 Nc6 3.g3 g6 4.Bg2 Bg7 5.d3 e6 6.Be3 d6 7.Qd2 Nge7 8.Bh6 O-O 
9.h4 Nd4 10.Bxg7 Kxg7 11.h5 Ng8 12.O-O-O b5 13.Kb1 b4 14.Nce2 Qa5 15.Nf3 
Nb5 16.Rh2 Rb8 17.Ka1 Rb6 18.Rdh1 Ra6 19.Nc1 Nc3 20.hxg6 Qxa2+ 0-1

[Event "Villa Martelli zt (Women)"]
[Site "Villa Martelli "]
[Date "1999.??.??"]
[Round "8"]
[White "Hernandez Penna, Sabina"]
[Black "Zuriel, Marisa"]
[Result "1-0"]
[WhiteElo "2115"]
[BlackElo "2070"]
[EventDate "1999.??.??"]
[PlyCount "111"]

1.e4 c5 2.c3 d5 3.exd5 Qxd5 4.d4 e6 5.Nf3 Nf6 6.Bd3 Be7 7.O-O O-O 8.Re1 
Nc6 9.Be3 Rd8 10.Nbd2 cxd4 11.cxd4 b6 12.Rc1 Bb7 13.Bc4 Qd6 14.a3 Rac8 15.
g3 Qb8 16.b4 Ba8 17.Qe2 Qb7 18.Ba6 Qd7 19.Bxc8 Rxc8 20.b5 Nd8 21.Ne5 Qd5 
22.Ndf3 Rxc1 23.Bxc1 Ne8 24.Kg2 g5 25.g4 Bd6 26.Qc4 Qb7 27.Nc6 a6 28.a4 
axb5 29.axb5 Nc7 30.Bxg5 Nxc6 31.bxc6 Qxc6 32.Qxc6 Bxc6 33.Rc1 Bd5 34.Bd8 
Na8 35.Rb1 Kg7 36.Bxb6 Nxb6 37.Rxb6 Bxh2 38.Kxh2 Bxf3 39.Kg3 Bd5 40.Kf4 
Kf6 41.Rb1 Kg6 42.Rc1 Bb7 43.Rc7 Bd5 44.Ke5 h6 45.f4 f6+ 46.Kd6 Bf3 47.
Kxe6 Bxg4+ 48.Ke7 Bf3 49.Rc8 h5 50.d5 h4 51.d6 Bg4 52.d7 Bxd7 53.Kxd7 f5 
54.Ke6 h3 55.Rc3 Kh5 56.Kxf5 1-0

[Event "Villa Martelli zt (Women)"]
[Site "Villa Martelli "]
[Date "1999.??.??"]
[Round "8"]
[White "Meneses Colona, Clara"]
[Black "Amura, Claudia Noemi"]
[Result "0-1"]
[WhiteElo "2028"]
[BlackElo "2355"]
[EventDate "1999.??.??"]
[PlyCount "32"]

1.e4 g6 2.d4 Bg7 3.Bc4 d6 4.Ne2 c6 5.Bb3 b5 6.c3 Nf6 7.Bc2 Bb7 8.Bg5 Nbd7 
9.O-O Qc7 10.Nd2 e5 11.f4 h6 12.Bh4 c5 13.fxe5 dxe5 14.a4 Ng4 15.Rf3 exd4 
16.cxd4 Qxh2+ 0-1

[Event "Villa Martelli zt (Women)"]
[Site "Villa Martelli "]
[Date "1999.??.??"]
[Round "9"]
[White "Fernandez Novas, Liliana"]
[Black "Meneses Colona, Clara"]
[Result "1/2-1/2"]
[WhiteElo "2073"]
[BlackElo "2028"]
[EventDate "1999.??.??"]
[PlyCount "41"]

1.d4 Nf6 2.Nf3 g6 3.Bg5 Bg7 4.Nbd2 O-O 5.e4 d6 6.Bd3 Nbd7 7.O-O Re8 8.c3 
h6 9.Bh4 g5 10.Bg3 Nh5 11.Ne1 Nxg3 12.hxg3 e5 13.Nc2 Nf6 14.Bc4 Qe7 15.f4 
Be6 16.d5 Bg4 17.Be2 Bxe2 18.Qxe2 exf4 19.gxf4 Nxd5 20.fxg5 Qxg5 21.Qf2 
1/2-1/2

[Event "Villa Martelli zt (Women)"]
[Site "Villa Martelli "]
[Date "1999.??.??"]
[Round "9"]
[White "Maggiolo, Elisa"]
[Black "Hernandez Penna, Sabina"]
[Result "1/2-1/2"]
[WhiteElo "2109"]
[BlackElo "2115"]
[EventDate "1999.??.??"]
[PlyCount "136"]

1.e4 e5 2.Nf3 Nc6 3.Bb5 a6 4.Ba4 Nf6 5.d3 d6 6.c3 Be7 7.Nbd2 O-O 8.Nf1 b5 
9.Bc2 d5 10.Qe2 d4 11.Ng3 g6 12.O-O Bc5 13.Bg5 Qd6 14.a3 Ne8 15.h4 Bg4 16.
Bd1 dxc3 17.bxc3 Bxa3 18.Qa2 Bc5 19.d4 exd4 20.cxd4 Nxd4 21.Nxd4 Bxd4 22.
Bxg4 Qxg3 23.Qd5 Qe5 24.Qxa8 Bxa1 25.Qxa6 Bd4 26.Qc6 b4 27.Bd1 Ng7 28.Bb3 
Ne6 29.Bh6 Rd8 30.Bd5 Bb6 31.Rb1 Nd4 32.Qc4 Ne6 33.Qxb4 Qf6 34.Qb2 Qxh4 
35.Bxe6 Qxh6 36.Qf6 Rf8 37.Bd5 Qg7 38.Qxg7+ Kxg7 39.Rc1 Rd8 40.Rc6 f5 41.
Kf1 fxe4 42.Bxe4 Rd2 43.f3 Kf7 44.Rc2 Rd4 45.Bc6 Ke7 46.Ke2 Kd6 47.Be4 Ke7
48.Bc6 Rd6 49.Rc4 g5 50.Be4 h5 51.Rc6 h4 52.Rxd6 Kxd6 53.Bb7 Ke5 54.Kd3 
Kf4 55.Bc8 Be3 56.Kc4 c5 57.Bh3 Bd4 58.Kd3 Kg3 59.Kc4 Kf2 60.Kd3 Bf6 61.
Kc4 Be7 62.Kd3 Bd6 63.Kc4 Ke3 64.Bg4 Bf8 65.Bh3 Kf2 66.Kd3 Bg7 67.Kc4 Bd4 
68.Kd3 Kg3 1/2-1/2

[Event "Villa Martelli zt (Women)"]
[Site "Villa Martelli "]
[Date "1999.??.??"]
[Round "9"]
[White "Zuriel, Marisa"]
[Black "Arbunic Castro, Giovanna B"]
[Result "1/2-1/2"]
[WhiteElo "2070"]
[BlackElo "2110"]
[EventDate "1999.??.??"]
[PlyCount "120"]

1.e4 c5 2.Nf3 Nc6 3.d4 cxd4 4.Nxd4 Nf6 5.Nc3 e6 6.Ndb5 Bb4 7.a3 Bxc3+ 8.
Nxc3 d5 9.exd5 exd5 10.Bd3 O-O 11.O-O Bg4 12.f3 Be6 13.Re1 Qb6+ 14.Kh1 
Rad8 15.Bg5 Ne7 16.Bxf6 gxf6 17.Qd2 Ng6 18.Ne2 Qf2 19.Qh6 Qh4 20.Qxh4 Nxh4
21.Nd4 Rfe8 22.f4 f5 23.g3 Ng6 24.Bxf5 Bxf5 25.Nxf5 Re4 26.c3 Rde8 27.Rxe4
Rxe4 28.Nd4 Ne7 29.Kg2 Nc6 30.Nxc6 bxc6 31.Kf3 f5 32.Rd1 Kf7 33.Rd4 Re7 
34.c4 Ke6 35.c5 Kd7 36.b4 a6 37.g4 Ke6 38.h3 Kf6 39.a4 Re1 40.b5 axb5 41.
axb5 cxb5 42.gxf5 Kxf5 43.Rxd5+ Kg6 44.Kg4 b4 45.Rd6+ Kg7 46.Rd7+ Kg6 47.
f5+ Kh6 48.c6 b3 49.Rb7 Rc1 50.c7 b2 51.Rxb2 Rc4+ 52.Kf3 Rxc7 53.Ke4 Kg5 
54.Rf2 Kf6 55.Kf4 Rc4+ 56.Kg3 Rc5 57.Kg4 h5+ 58.Kxh5 Rxf5+ 59.Rxf5+ Kxf5 
60.Kh6 Kf6 1/2-1/2

[Event "Villa Martelli zt (Women)"]
[Site "Villa Martelli "]
[Date "1999.??.??"]
[Round "10"]
[White "Arbunic Castro, Giovanna B"]
[Black "Maggiolo, Elisa"]
[Result "0-1"]
[WhiteElo "2110"]
[BlackElo "2109"]
[EventDate "1999.??.??"]
[PlyCount "100"]

1.e4 c5 2.Nc3 Nc6 3.g3 g6 4.Bg2 Bg7 5.d3 e6 6.Be3 d6 7.Qd2 Rb8 8.f4 Nge7 
9.Nf3 Nd4 10.Rb1 O-O 11.Ne2 Nxe2 12.Kxe2 b6 13.Rhd1 d5 14.Kf1 Bb7 15.Ng5 
h6 16.Nh3 f5 17.exf5 Nxf5 18.Bf2 Bd4 19.c3 Bxf2 20.Qxf2 d4 21.Be4 Ne3+ 22.
Kg1 Nxd1 23.Rxd1 dxc3 24.Bxb7 Rxb7 25.bxc3 Qd5 26.Qe3 Rbf7 27.Rd2 b5 28.
Nf2 b4 29.c4 Qc6 30.Ng4 Rg7 31.Nxh6+ Kh7 32.Ng4 a5 33.Ne5 Qc8 34.Nf3 Re8 
35.h4 a4 36.h5 gxh5 37.Ng5+ Kg8 38.Qf3 b3 39.axb3 axb3 40.Qxh5 Qd7 41.Rh2 
Qd4+ 42.Kh1 Kf8 43.Nh7+ Ke7 44.Qh4+ Kd6 45.Nf6 Ra8 46.Ne4+ Kc6 47.Qh6 Re7 
48.Qg5 Ra1+ 49.Kg2 Ra2+ 50.Kf3 Rg7 0-1

[Event "Villa Martelli zt (Women)"]
[Site "Villa Martelli "]
[Date "1999.??.??"]
[Round "10"]
[White "Meneses Colona, Clara"]
[Black "Zuriel, Marisa"]
[Result "0-1"]
[WhiteElo "2028"]
[BlackElo "2070"]
[EventDate "1999.??.??"]
[PlyCount "68"]

1.e4 c5 2.Nf3 d6 3.d4 cxd4 4.Nxd4 Nf6 5.Nc3 a6 6.Bc4 e6 7.Bb3 b5 8.Bg5 Be7
9.O-O O-O 10.Qe2 b4 11.Na4 Qa5 12.Be3 Bd7 13.Nb6 Qxb6 14.Nxe6 Qb7 15.Nxf8 
Bxf8 16.Bg5 Bb5 17.Bc4 Bxc4 18.Qxc4 Nxe4 19.Be3 Nd7 20.Rad1 Rc8 21.Qe2 Qc6
22.f3 Nef6 23.Bf2 Qxc2 24.Qxa6 Re8 25.Rde1 Rxe1 26.Rxe1 Qxb2 27.Bh4 Qd4+ 
28.Bf2 Qc3 29.Qa7 Nc5 30.h3 Nd3 31.Rf1 Nxf2 32.Rxf2 h5 33.Re2 d5 34.Qa4 
Qc1+ 0-1

[Event "Villa Martelli zt (Women)"]
[Site "Villa Martelli "]
[Date "1999.??.??"]
[Round "11"]
[White "Amura, Claudia Noemi"]
[Black "Nunez Lopez, Patricia"]
[Result "1-0"]
[WhiteElo "2355"]
[BlackElo "2068"]
[EventDate "1999.??.??"]
[PlyCount "75"]

1.d4 Nf6 2.c4 g6 3.Nc3 Bg7 4.e4 d6 5.Be2 O-O 6.Bg5 e5 7.dxe5 dxe5 8.Qxd8 
Rxd8 9.Nd5 Nbd7 10.Rd1 Rf8 11.Nxc7 Rb8 12.f3 Nc5 13.Nd5 Nxd5 14.cxd5 b6 
15.Bb5 f6 16.Be3 f5 17.b4 Nb7 18.Ne2 Nd6 19.Bd3 f4 20.Bf2 g5 21.Rc1 Bb7 
22.Nc3 Rfc8 23.Ke2 Bf8 24.a3 h6 25.h4 Rc7 26.Nb5 Rxc1 27.Rxc1 Nxb5 28.Bxb5
Rc8 29.Bc6 Bd6 30.hxg5 hxg5 31.Kd2 Bxc6 32.Rxc6 Rxc6 33.dxc6 Kf7 34.Kc3 
Bc7 35.Kc4 a6 36.Kd5 Kf6 37.Bxb6 Bxb6 38.Kd6 1-0

[Event "Villa Martelli zt (Women)"]
[Site "Villa Martelli "]
[Date "1999.??.??"]
[Round "11"]
[White "Maggiolo, Elisa"]
[Black "Meneses Colona, Clara"]
[Result "1/2-1/2"]
[WhiteElo "2109"]
[BlackElo "2028"]
[EventDate "1999.??.??"]
[PlyCount "47"]

1.e4 e6 2.d4 d5 3.Nd2 c5 4.exd5 exd5 5.Bb5+ Nc6 6.Qe2+ Qe7 7.dxc5 Qxe2+ 8.
Nxe2 Bxc5 9.Nb3 Bb6 10.Bd2 Bd7 11.Bc3 Nge7 12.O-O O-O 13.Ng3 Nf5 14.Nh5 d4
15.Bd2 Rfe8 16.Nf4 Re5 17.a4 a6 18.a5 Ba7 19.Bc4 Rae8 20.Nd3 Re2 21.Nf4 
R2e5 22.Rad1 Nd6 23.Bd5 Bg4 24.Rde1 1/2-1/2

[Event "Saint Vincent zt (Women)"]
[Site "Saint Vincent"]
[Date "1999.05.22"]
[Round "4"]
[White "Garcia Vicente, Nieves"]
[Black "Milligan, Helen"]
[Result "1/2-1/2"]
[WhiteElo "2263"]
[BlackElo "2054"]
[EventDate "1999.05.??"]
[PlyCount "87"]

1.d4 Nf6 2.c4 e6 3.Nc3 Bb4 4.e3 b6 5.Ne2 Ne4 6.Bd2 Nxd2 7.Qxd2 O-O 8.a3 
Be7 9.Nf4 d6 10.Be2 c6 11.O-O-O Nd7 12.Qc2 e5 13.Nh5 Qe8 14.g4 Nf6 15.
Nxf6+ Bxf6 16.Ne4 Be7 17.dxe5 dxe5 18.g5 Be6 19.Bd3 b5 20.Rhg1 g6 21.h4 
Rd8 22.Qc3 bxc4 23.Bc2 Rxd1+ 24.Rxd1 Qb8 25.Nf6+ Bxf6 26.gxf6 Rd8 27.Rxd8+
Qxd8 28.Qxe5 Bg4 29.Qf4 h5 30.f3 Be6 31.Qe5 c3 32.Qxc3 Bd5 33.Qd4 Qa5 34.
Qd1 Qb6 35.e4 Be6 36.Kb1 Kh7 37.Ba4 c5 38.Qg1 Qd6 39.Qg5 Qd3+ 40.Kc1 Qf1+ 
41.Bd1 Qc4+ 42.Kd2 Qd4+ 43.Kc1 Qc4+ 44.Kd2 1/2-1/2

[Event "Saint Vincent zt (Women)"]
[Site "Saint Vincent"]
[Date "1999.05.24"]
[Round "6"]
[White "Carvalho, Alda"]
[Black "Lauterbach, Ingrid"]
[Result "0-1"]
[WhiteElo "2104"]
[BlackElo "2171"]
[EventDate "1999.05.??"]
[PlyCount "64"]

1.e4 d6 2.d4 Nf6 3.Nc3 g6 4.f4 Bg7 5.Nf3 c5 6.Bb5+ Bd7 7.e5 Ng4 8.e6 Bxb5 
9.exf7+ Kd7 10.Nxb5 Qa5+ 11.Nc3 cxd4 12.Nxd4 Nh6 13.Be3 Nc6 14.Ne2 Rhf8 
15.O-O Rxf7 16.Ne4 Ng4 17.Bd4 Nxd4 18.Nxd4 Ne3 19.Nb3 Qb6 20.Nec5+ Ke8 21.
Na4 Qb4 22.Qd2 Qxd2 23.Nxd2 Nxf1 24.Rxf1 Bd4+ 25.Kh1 Be3 26.Nc4 Bxf4 27.
Nc3 Rc8 28.b3 Bh6 29.Re1 Rxc4 30.Nb5 Rc6 31.Nxa7 Rxc2 32.Nb5 Kd7 0-1

[Event "Tbilisi zt (Women)"]
[Site "Tbilisi"]
[Date "1999.??.??"]
[Round "1"]
[White "Botsari, Anna Maria"]
[Black "Charkhalashvili, Inga"]
[Result "1/2-1/2"]
[WhiteElo "2333"]
[BlackElo "2147"]
[EventDate "1999.05.07"]
[PlyCount "91"]

1.d4 Nf6 2.c4 e6 3.Nc3 d5 4.Bg5 Be7 5.e3 O-O 6.Nf3 h6 7.Bh4 b6 8.Rc1 Bb7 
9.Bxf6 Bxf6 10.cxd5 exd5 11.Bd3 Nd7 12.O-O c5 13.Bf5 cxd4 14.exd4 g6 15.
Bh3 Bg7 16.Qb3 Nb8 17.Rfd1 Re8 18.g3 Nc6 19.Bg2 Na5 20.Qc2 Rc8 21.b3 Qd6 
22.Qd3 Red8 23.h4 Nc6 24.Bh3 Rb8 25.Nb5 Qf6 26.a3 Ba6 27.Rc3 Rb7 28.b4 Re7
29.Bf1 g5 30.Qc2 Bb7 31.hxg5 hxg5 32.Rcd3 Bc8 33.Rc1 Bd7 34.Qb3 Bg4 35.
Rdc3 Bxf3 36.Rxc6 Re6 37.Rxe6 fxe6 38.Nxa7 g4 39.Bg2 Bxg2 40.Kxg2 Qxd4 41.
Qc2 Rf8 42.Rh1 Rxf2+ 43.Qxf2 Qe4+ 44.Kh2 Qh7+ 45.Kg1 Qb1+ 46.Kh2 1/2-1/2

[Event "Tbilisi zt (Women)"]
[Site "Tbilisi"]
[Date "1999.??.??"]
[Round "1"]
[White "Cinar, Nilufer"]
[Black "Mkrtchian, Lilit"]
[Result "1-0"]
[WhiteElo "2052"]
[BlackElo "2294"]
[EventDate "1999.05.07"]
[PlyCount "43"]

1.e4 e6 2.Qe2 Ne7 3.Nf3 d5 4.d3 b6 5.g3 dxe4 6.dxe4 Ba6 7.c4 Nec6 8.Be3 e5
9.Nc3 Bb4 10.Bd2 O-O 11.O-O-O Bxc3 12.Bxc3 Qe7 13.h4 Nd7 14.h5 Rfd8 15.h6 
g6 16.Rd5 Nf6 17.Nxe5 Nxe5 18.Rxe5 Qd6 19.Bh3 Qc6 20.b3 b5 21.Qf3 bxc4 22.
Re6 1-0